000 01028nam a22003257a 4500
003 CHAP
005 20220329141507.0
008 971013s1957 r 00010 d
010 _a69027
011 _a69999
035 _a79478
040 _cCHAP
082 _a443.6
_bD54
245 _aDiccionario Francés - Español Español - Francés
260 _aBarcelona :
_bSopena,
_c1957
300 _a1880 p.
500 _a32-178
590 _aBATCH-UPD
_b10
_c20130110
_lUCH01
_h0359
590 _aBATCH-UPD
_b10
_c20130110
_lUCH01
_h1941
590 _aBATCH-UPD
_b10
_c20130410
_lUCH01
_h0032
590 _aBATCH-UPD
_b10
_c20130410
_lUCH01
_h1510
590 _aBATCH-UPD
_b10
_c20130914
_lUCH01
_h1334
590 _aCONVERSION
_b10
_c20130109
_lUCH01
_h1338
650 1 4 _aEspañol
_xDiccionarios
_xFrancés.
_937728
650 1 4 _aFrancés
_xDiccionarios
_xEspañol.
_943001
700 0 _aMartínez Amador, Emilio M.
_971808
901 _aBK
942 _cLIBRO
949 _a443.6 D54
_bBC
_cC
_d33724000503231
_eC
_h10415
_i79478
_si
_t110.00
999 _c69027
_d69027